| 000 | 01439nam a22002057a 4500 | ||
|---|---|---|---|
| 005 | 20250921062523.0 | ||
| 999 |
_c11808 _d11808 |
||
| 008 | 190107b ||||| |||| 00| 0 eng d | ||
| 020 | _a978-1-68095-549-1 | ||
| 082 |
_22017 _aDC 158.3 _bM720 |
||
| 110 |
_a3G E-Learning. _933636 |
||
| 245 |
_aModern counseling psychology/ _c3G E-Learning |
||
| 260 |
_aUAE: _b3G eLearning, _c©2017. |
||
| 300 |
_axii, 234 pages ; _c24 cm _eDVD |
||
| 500 | _aIncludes index. | ||
| 520 | _aSummary Counselling psychology focuses on the emotional, social, vocational, educational, health-related, developmental, and organizational concerns as they promote personal and interpersonal functioning throughout life. The specialty pays particular attention to emotional, social, vocational, educational, health-related, developmental, and organizational concerns. The practice of Counselling Psychology encompasses a broad range of culturally-sensitive practices that help people improve their well-being, alleviate distress and maladjustment, resolve crises, and increase their ability to function better in their lives. With its attention to both to normal developmental issues and problems associated with physical, emotional, and mental disorders, the specialization holds a unique perspective in the broader practice-based areas of psychology. | ||
| 650 |
_aCounselling psychology _933637 |
||
| 700 |
_a3G E-Learning. _933638 |
||
| 365 |
_b4,495.00 _cPhp |
||
| 942 |
_2ddc _cDC |
||